Statistiques concernant Villes où les Blackpink ont fait des concerts

Cliquez ici pour prendre le quiz!

Statistiques générales

  • Ce quiz a été pris 100 fois
  • Le résultat moyen est 67 sur 127

Statistiques - réponses

DatesPaysRéponse% Correct
December 26, 2016Corée du SudSéoul
100%
September 17, 2023Corée du SudSeoul
100%
September 16, 2023Corée du SudSeoul
100%
September 30, 2017Corée du SudSeoul
100%
October 1, 2017Corée du SudSeoul
100%
October 15, 2022Corée du SudSeoul
100%
December 25, 2017Corée du SudSeoul
100%
October 16, 2022Corée du SudSeoul
100%
December 25, 2018Corée du SudSeoul
100%
November 11, 2018Corée du SudSeoul
100%
November 10, 2018Corée du SudSeoul
100%
December 12, 2022FranceParis
99%
May 26, 2019FranceParis
99%
December 11, 2022FranceParis
99%
July 15, 2023FranceSaint Denis (Paris)
99%
April 8, 2023JaponTokyo
96%
April 9, 2023JaponTokyo
96%
August 27, 2017JaponTokyo
96%
July 20, 2017JaponTokyo
96%
May 2, 2019États UnisNewark (New York)
90%
November 14, 2022États UnisNewark (New York)
90%
November 15, 2022États UnisNewark (New York)
90%
May 1, 2019États UnisNewark (New York)
90%
August 11, 2023États UnisEast Rutherford (New York)
88%
August 12, 2023États UnisEast Rutherford (New York)
88%
January 13, 2019ThaïlandeBangkok
81%
January 8, 2023ThailandeBangkok
81%
January 12, 2019ThaïlandeBangkok
81%
January 11, 2019ThaïlandeBangkok
81%
July 14, 2019ThaïlandeBangkok
81%
July 13, 2019ThaïlandeBangkok
81%
July 12, 2019ThaïlandeBangkok
81%
January 7, 2023ThailandeBangkok
81%
December 1, 2022Royaume UniLondres
80%
November 30, 2022Royaume UniLondres
80%
May 22, 2019Royaume UniLondres
80%
July 2, 2023Royaume UniLondres
80%
December 20, 2022AllemagneBerlin
79%
May 24, 2019AllemagneBerlin
79%
December 19, 2022AllemagneBerlin
79%
November 19, 2022États UnisLos Angeles
79%
November 20, 2022États UnisLos Angeles
79%
August 26, 2023États UnisLos Angeles
79%
June 15, 2019AustralieSydney
76%
June 17, 2023AustralieSydney
76%
June 16, 2023AustralieSydney
76%
April 17, 2019États UnisInglewood (Los Angeles)
70%
April 26, 2023MexiqueMexico
65%
April 27, 2023MexiqueMexico
65%
May 28, 2019EspagneBarcelone
63%
December 5, 2022EspagneBarcelone
63%
July 24, 2018JaponOsaka
62%
January 5, 2020JaponOsaka
62%
June 3, 2023JaponOsaka
62%
June 4, 2023JaponOsaka
62%
January 4, 2020JaponOsaka
62%
August 17, 2019JaponOsaka
62%
December 24, 2018JaponOsaka
62%
July 25, 2018JaponOsaka
62%
June 10, 2023AustralieMelbourne
51%
June 13, 2019AustralieMelbourne
51%
June 11, 2023AustralieMelbourne
51%
October 22, 2017Corée du SudBusan
49%
May 14, 2023SingapourSingapour
48%
May 13, 2023SingapourSingapour
48%
February 15, 2019SingapourSingapour
48%
December 22, 2022Pays BasAmsterdam
44%
May 18, 2019Pays BasAmsterdam
44%
January 15, 2023ChineHong Kong
43%
January 14, 2023ChineHong Kong
43%
January 26, 2019ChineHong Kong
43%
January 13, 2023ChineHong Kong
43%
March 11, 2023IndonesieJakarta
42%
March 12, 2023IndonesieJakarta
42%
January 20, 2019IndonésieJakarta
42%
January 19, 2019IndonésieJakarta
42%
May 27, 2023BangkokJakarta
42%
May 28, 2023BangkokJakarta
42%
November 10, 2022États UnisChicago
40%
November 11, 2022États UnisChicago
40%
April 27, 2019CanadaHamilton (Toronto)
40%
November 6, 2022CanadaHamilton (Toronto)
40%
November 7, 2022CanadaHamilton (Toronto)
40%
April 24, 2019États UnisRosemont (Chicago)
40%
August 22, 2023États UnisSan Francisco
40%
February 2, 2019PhilippinesPasay (Manille)
37%
December 15, 2022DanemarkCopenhague
36%
January 28, 2023Émirats arabes unisAbu Dhabi
32%
July 30, 2023VietnamHanoï
32%
July 29, 2023VietnamHanoï
32%
January 20, 2023Arabie SaouditeRiyad
32%
October 25, 2022États UnisDallas
31%
October 26, 2022États UnisDallas
31%
May 8, 2019États UnisFort Worth (Dallas)
31%
November 3, 2022États UnisAtlanta
30%
November 2, 2022États UnisAtlanta
30%
March 4, 2023MalaisieKuala Lumpur
30%
May 21, 2019Royaume UniManchester
30%
December 8, 2022AllemagneCologne
29%
October 29, 2022États UnisHouston
25%
October 30, 2022États UnisHouston
25%
September 7, 2019JaponAichi (Nagoya)
13%
May 21, 2023ChineMacao
12%
May 20, 2023ChineMacao
12%
June 8, 2019ChineMacao
12%
February 22, 2020JaponFukuoka
11%
August 16, 2018JaponFukuoka
11%
August 17, 2018JaponFukuoka
11%
March 19, 2023TaiwanKaohsiung
10%
March 18, 2023TaiwanKaohsiung
10%
March 25, 2023PhilippinesBocaue
5%
March 26, 2023PhilippinesBocaue
5%
September 24, 2017Corée du SudDaejeon
5%
April 19, 2019États UnisIndio
5%
April 22, 2023États UnisIndio
5%
April 15, 2023États UnisIndio
5%
April 12, 2019États UnisIndio
5%
August 18, 2019JaponChiba
4%
August 24, 2018JaponChiba
4%
August 25, 2018JaponChiba
4%
August 26, 2018JaponChiba
4%
May 5, 2019États UnisDuluth
4%
February 24, 2019MalaisieShah Alam
4%
February 23, 2019MalaisieShah Alam
4%
March 3, 2019TaïwanTaoyuan
4%
August 18, 2023États UnisParadise
2%
September 28, 2017Corée du SudPyeongchang
2%

Distribution des résultats

Percentile par nombre de réponses

% des personnes avec chaque résultat

Votre développement - résultats

Vous n’avez pas pris ce quiz